Franche-Comté - Statistiques

Statistiques générales
  • Ce quiz a été pris 278 fois
  • Le résultat moyen est 7 sur 10
Statistiques - réponses
nombre d'habitant villes % Correct
116 676 Besançon
100%
49 519 Belfort
95%
25 336 Montbéliard
90%
15 058 Vesoul
86%
17 140 Pontarlier
83%
23 373 Lons le Saunier
82%
23 373 Dole
81%
14 121 Audincourt
44%
9 732 Saint Claude
42%
10 131 Héricourt
40%
Aucun quiz correspondant
Distribution des résultats
% des personnes avec chaque résultat
Percentile par nombre de réponses
Votre historique - résultats
Vous n’avez pas pris ce quiz